000 00387cam a22001097a 4500
008 180718b1969 xxu||||| |||| 00| 0 eng d
082 _aA85x793 N411
100 _aUnited States. Nevada Legislative Council Bureau
245 _aLegislative manual state of Nevada, fifty fifth session of the Nevada legislature 1969: Carson city
260 _aCarson City
_bThe author
_c1969
300 _a122p.
999 _c488066
_d488066